| 000 | 00590nab a2200217 a 4500 | ||
|---|---|---|---|
| 005 | 20210219161950.0 | ||
| 008 | 991125s1985 mx 000 0 spa u | ||
| 035 | _aUPN01000195179 | ||
| 100 | 1 | _aParker, Richard | |
| 100 | 1 | _urparkerax.apc.org | |
| 222 | _aALTERIDADES | ||
| 245 | _aCambio de sexualidades : masculinidad y homosexualidad masculina en Brasil | ||
| 260 | _aMéxico | ||
| 300 | _a49-62 | ||
| 362 | 0 | _a2002 Año 12, no. 23, ene.-jun. | |
| 653 | 0 | _aHOMOSEXUALIDAD | |
| 653 | 0 | _aMASCULINIDAD | |
| 653 | 0 | _aIDENTIDAD SEXUAL | |
| 653 | 0 | _aBRASIL | |
| 905 | _aArticulo | ||
| 999 |
_c167280 _d167280 |
||